000 00735nam a2200241 4500
003 OSt
005 20260530115256.0
008 260504b1996 sp a|||| |||| 00| 0 spa d
020 _a9688873322
040 _aICI
_bspa
_cICI
041 _aspa
050 0 0 _aT385
_bF82
100 1 _aFuenmayor, Elena,
_eautor
_930571
245 1 0 _aRaton, raton :
_bintroduccion al diseño grafico asistido por ordenador/
_cElena Fuenmayor
264 1 _aBarcelona :
_bGustavo Gili,
_c1996
300 _a155 páginas :
_bilustraciones
336 _atexto
_2rdacontent
337 _asin medio
_2rdamedia
338 _avolumen
_2rdacarrier
650 4 _aGráficas por computadora
650 4 _aDiseño asistido por computadora
_930573
942 _2lcc
_cBK
_n1
999 _c12631
_d12631